| 000 | 00947nam a2200253Ia 4500 | ||
|---|---|---|---|
| 003 | GCL | ||
| 008 | 140319s9999 xx 000 0 ara d | ||
| 020 | _a185\904737 | ||
| 040 |
_aGCL / _cGCL |
||
| 082 | 0 | 4 |
_a321.00951 _bت ن |
| 100 | 1 | _aتشينغ، ين تشونغ | |
| 245 | 1 | 0 |
_aالنظام السياسى الصينى / _cتشينغ، ين تشونغ |
| 700 | 1 | _aفو، فريدة وانغ | |
| 260 |
_aالصين : _bدار النشر الصينية عبر القارات ، _c2004 |
||
| 300 |
_a160 ص ؛ _c20 سم |
||
| 490 |
_aسلسلة اساسيات الصين _v0 |
||
| 650 | 0 | 4 | _aالصين - الاحوال السياسية |
| 650 | 0 | 4 | _aالانتخابات - الصين |
| 650 | 0 | 4 | _aالصين - الاحزاب السياسية |
| 650 | 0 | 4 | _aالصين - السياسة والحكومة |
| 650 | 0 | 4 | _aالصين - النظام القضائى |
| 650 | 0 | 4 | _aالصين - النظام العسكرى |
| 942 |
_2ddc _cBK |
||
| 999 |
_c8956 _d8956 |
||